[Event "Paracin op 01"]
[Site "Paracin"]
[Date "2022.01.23"]
[Round "9"]
[White "Tamas, Christian Arrydan"]
[Black "Trifunovic, Borisav"]
[Result "0-1"]
[WhiteElo "1795"]
[BlackElo "2036"]
[PlyCount "113"]
[EventDate "2022.01.17"]
[EventType "swiss"]
[EventRounds "9"]
[EventCountry "SRB"]
[SourceTitle "CBM 206 Extra"]
[Source "ChessBase"]
[SourceDate "2022.03.31"]
[SourceVersion "1"]
[SourceVersionDate "2022.03.31"]
[SourceQuality "1"]

1. d4 Nf6 2. Nf3 e6 3. g3 d5 4. Bg2 Be7 5. 0-0 0-0 6. c4 c6 7. Qc2 Ne4 8. Nbd2 f5 9. Ne5 Nd7 10. Ndf3 Nxe5 11. Nxe5 Bd7 12. h4 Be8 13. Bf4 h6 14. Rad1 Bh5 15. Nf3 Nf6 16. Qb3 Qb6 17. c5 Qb5 18. Qxb5 cxb5 19. Be5 Nd7 20. Rfe1 Rfc8 21. Rc1 Be8 22. Bf1 g5 23. hxg5 hxg5 24. e3 g4 25. Nd2 Nxe5 26. dxe5 Bxc5 27. Nb3 Bb4 28. Red1 a6 29. a3 Bf8 30. Nd4 Bf7 31. f4 gxf3 32. Kf2 Bg7 33. Nxf3 Bh5 34. b3 Bxf3 35. Kxf3 Bxe5 36. a4 b4 37. Bd3 Kf7 38. Rh1 Rxc1 39. Rxc1 Rg8 40. Rg1 Rc8 41. g4 fxg4+ 42. Rxg4 Rc3 43. Bg6+ Kf6 44. Ke2 Rxb3 45. Bd3 Rb2+ 46. Kf3 a5 47. Rg6+ Kf7 48. Rh6 Rd2 49. Bb1 b5 50. e4 Rd1 51. exd5 exd5 52. Bf5 Rf1+ 53. Kg4 Rg1+ 54. Kf3 Bf6 55. Kf2 Ra1 56. Rh3 Rxa4 57. Bh7 0-1

[Event "Paracin Amateur op"]
[Site "Paracin"]
[Date "2020.02.06"]
[Round "9"]
[White "Zvezdakoski, Matej"]
[Black "Trifunovic, Borisav"]
[Result "0-1"]
[WhiteElo "1715"]
[BlackElo "2040"]
[PlyCount "62"]
[EventDate "2020.01.31"]
[EventType "swiss"]
[EventRounds "9"]
[EventCountry "SRB"]
[SourceTitle "CBM 194 Extra"]
[Source "ChessBase"]
[SourceDate "2020.03.31"]
[SourceVersion "1"]
[SourceVersionDate "2020.03.31"]
[SourceQuality "1"]

1. e4 e5 2. Nf3 Nc6 3. Bc4 Bc5 4. 0-0 Nf6 5. d3 d6 6. c3 a6 7. a4 Ba7 8. Nbd2 h6 9. b4 0-0 10. h3 Be6 11. Bxe6 fxe6 12. Nc4 Qe8 13. Be3 Bxe3 14. fxe3 d5 15. Ncxe5 dxe4 16. dxe4 Nxe4 17. Qc2 Ng3 18. Rfd1 Nxe5 19. Nxe5 Qh5 20. Ng4 Qg5 21. Qa2 Rae8 22. Rd4 h5 23. h4 Qf5 24. Rf4 Qd3 25. Rxf8+ Kxf8 26. Qf2+ Nf5 27. Re1 hxg4 28. e4 g3 29. Qf1 Qxc3 30. exf5 Qd4+ 31. Kh1 Qxh4+ 0-1

[Event "Paracin Winter op"]
[Site "Paracin"]
[Date "2019.02.02"]
[Round "4"]
[White "Caputcuoglu, Zeki Berke"]
[Black "Trifunovic, Borisav"]
[Result "1-0"]
[WhiteElo "2162"]
[BlackElo "2086"]
[PlyCount "87"]
[EventDate "2019.01.31"]
[EventType "swiss"]
[EventRounds "9"]
[EventCountry "SRB"]
[SourceTitle "CBM 188 Extra"]
[Source "ChessBase"]
[SourceDate "2019.02.26"]
[SourceVersion "1"]
[SourceVersionDate "2019.02.26"]
[SourceQuality "1"]

1. e4 e5 2. Nf3 Nc6 3. Nc3 Nf6 4. Bb5 Bb4 5. 0-0 0-0 6. d3 Bxc3 7. bxc3 d6 8. Bg5 Qe7 9. Re1 h6 10. Bh4 a6 11. Bxc6 bxc6 12. d4 Bg4 13. Qd3 Bxf3 14. Qxf3 g5 15. Bg3 Nd7 16. a4 a5 17. Reb1 Rab8 18. Qd3 Rb6 19. Rb3 Rfb8 20. Rxb6 Rxb6 21. f3 Qe8 22. Qc4 Qb8 23. h3 Qb7 24. dxe5 Nxe5 25. Bxe5 dxe5 26. Qc5 Rb1+ 27. Rxb1 Qxb1+ 28. Kh2 Qxc2 29. Qxc6 Qd2 30. Qe8+ Kg7 31. Qxe5+ Kg6 32. Qxc7 h5 33. Qe5 f6 34. Qf5+ Kg7 35. e5 fxe5 36. Qxe5+ Kg6 37. c4 Qb4 38. c5 Qxa4 39. Qd6+ Kf7 40. c6 g4 41. c7 Qe8 42. Qf4+ Kg7 43. Qg5+ Kh7 44. Qf5+ 1-0

[Event "Paracin Winter op"]
[Site "Paracin"]
[Date "2019.02.01"]
[Round "2"]
[White "Rajkovic, Slobodan"]
[Black "Trifunovic, Borisav"]
[Result "0-1"]
[WhiteElo "1795"]
[BlackElo "2086"]
[PlyCount "60"]
[EventDate "2019.01.31"]
[EventType "swiss"]
[EventRounds "9"]
[EventCountry "SRB"]
[SourceTitle "CBM 188 Extra"]
[Source "ChessBase"]
[SourceDate "2019.02.26"]
[SourceVersion "1"]
[SourceVersionDate "2019.02.26"]
[SourceQuality "1"]

1. Nf3 d5 2. d4 Nf6 3. g3 Bg4 4. Bg2 e6 5. Bg5 c5 6. c3 Nc6 7. Ne5 Bf5 8. Nxc6 bxc6 9. Qa4 Qb6 10. Bxf6 gxf6 11. 0-0 Rc8 12. b3 h5 13. Nd2 Bh6 14. Nf3 0-0 15. dxc5 Qxc5 16. Qh4 Bg6 17. g4 Qxc3 18. gxh5 Be4 19. e3 Kh7 20. Rac1 Qb2 21. Rcd1 Rg8 22. Ne1 Rxg2+ 23. Nxg2 Rg8 24. Qh3 Bxe3 25. Kh1 Bxg2+ 26. Qxg2 Rxg2 27. Kxg2 Bb6 28. Rd3 e5 29. Rf3 e4 30. Rf5 e3 0-1

[Event "Paracin Winter op"]
[Site "Paracin"]
[Date "2018.02.04"]
[Round "8"]
[White "Tosic, Dragoljub"]
[Black "Trifunovic, Borisav"]
[Result "0-1"]
[WhiteElo "1822"]
[BlackElo "2110"]
[PlyCount "112"]
[EventDate "2018.01.30"]
[EventType "swiss"]
[EventRounds "9"]
[EventCountry "SRB"]
[SourceTitle "CBM 182 Extra"]
[Source "ChessBase"]
[SourceDate "2018.02.23"]
[SourceVersion "1"]
[SourceVersionDate "2018.02.23"]
[SourceQuality "1"]

1. c4 Nf6 2. Nc3 e6 3. d4 d5 4. Bg5 Nbd7 5. cxd5 exd5 6. Nxd5 Nxd5 7. Bxd8 Bb4+ 8. Qd2 Bxd2+ 9. Kxd2 Kxd8 10. e4 N5f6 11. f3 c6 12. Bc4 Ke7 13. Ne2 Rd8 14. Ke3 Nb6 15. Bd3 Be6 16. b3 a5 17. Rac1 a4 18. Rc3 axb3 19. axb3 Ra3 20. Bc2 g6 21. Rd3 Ne8 22. g4 Nc7 23. h3 Nb5 24. f4 f5 25. gxf5 gxf5 26. e5 Nd5+ 27. Kd2 Nb4 28. Rg3 Nxc2 29. Kxc2 Nxd4+ 30. Nxd4 Rxd4 31. Kb2 Ra8 32. Rg7+ Bf7 33. Re1 Rg8 34. Rxh7 Ke6 35. Rh4 Rd3 36. Rh6+ Rg6 37. Rh7 Rg2+ 38. Ka3 Rgg3 39. Rh6+ Bg6 40. Ka2 Rd7 41. Ka3 Rh7 42. Rxh7 Bxh7 43. Rd1 Rxh3 44. Rd6+ Ke7 45. Ka4 Bg8 46. b4 Rf3 47. Rd4 Bd5 48. Ka5 Be4 49. Rd6 Rxf4 50. Kb6 Bd5 51. b5 Re4 52. Kxb7 Rb4 53. Kc7 Re4 54. Rh6 Rxe5 55. Kb6 f4 56. Kc5 Re4 0-1

[Event "Paracin Winter op"]
[Site "Paracin"]
[Date "2018.01.31"]
[Round "2"]
[White "Trifunovic, Borisav"]
[Black "Jovicic, Radisa"]
[Result "1-0"]
[WhiteElo "2110"]
[BlackElo "1658"]
[PlyCount "64"]
[EventDate "2018.01.30"]
[EventType "swiss"]
[EventRounds "9"]
[EventCountry "SRB"]
[SourceTitle "CBM 182 Extra"]
[Source "ChessBase"]
[SourceDate "2018.02.23"]
[SourceVersion "1"]
[SourceVersionDate "2018.02.23"]
[SourceQuality "1"]

1. d4 d6 2. c4 g6 3. Nc3 e6 4. e4 Bg7 5. Nf3 a6 6. Be3 Nd7 7. Bd3 c6 8. Qd2 c5 9. dxc5 Nxc5 10. Bc2 Nf6 11. 0-0-0 b6 12. e5 Ng4 13. Bg5 f6 14. exf6 Bxf6 15. Bxf6 Nxf6 16. Qxd6 Qxd6 17. Rxd6 Rb8 18. b4 Nb7 19. Rxb6 0-0 20. Ne5 Nd7 21. Nxd7 Bxd7 22. f3 a5 23. a3 axb4 24. axb4 Rf7 25. Be4 Bc8 26. Rd1 Ra8 27. Kb2 Rc7 28. c5 Ra7 29. Nb5 Nxc5 30. bxc5 Rd7 31. Nxa7 Rxd1 32. Nxc8 Rd8 1-0

[Event "Paracin-ch"]
[Site "Paracin"]
[Date "2017.02.02"]
[Round "4"]
[White "Trifunovic, Borisav"]
[Black "Glisic, Tomislav"]
[Result "1-0"]
[WhiteElo "2048"]
[BlackElo "1814"]
[PlyCount "87"]
[EventDate "2017.01.31"]
[EventType "swiss"]
[EventRounds "9"]
[EventCountry "SRB"]
[SourceTitle "CBM 176 Extra"]
[Source "ChessBase"]
[SourceDate "2017.03.02"]
[SourceVersion "1"]
[SourceVersionDate "2017.03.02"]
[SourceQuality "1"]

1. d4 Nf6 2. c4 c5 3. d5 d6 4. Nc3 g6 5. e4 Bg7 6. Bd3 0-0 7. Nge2 Re8 8. 0-0 e6 9. dxe6 Bxe6 10. f3 Nc6 11. Be3 Ne5 12. b3 Bd7 13. Bc2 Bc6 14. Qd2 Qc7 15. Rad1 Rad8 16. h3 Bf8 17. Bg5 Ned7 18. Qf4 Be7 19. Qh4 Kg7 20. Rd2 Nf8 21. Bh6+ Kg8 22. Qf2 Ne6 23. Rfd1 Nh5 24. g4 Nhg7 25. f4 Bf6 26. Nd5 Bxd5 27. Rxd5 Nd4 28. Bb1 Nxe2+ 29. Qxe2 Ne6 30. Qg2 Kh8 31. Kh1 Qe7 32. R5d2 Rg8 33. Qh2 g5 34. e5 dxe5 35. fxe5 Rxd2 36. Rxd2 Bg7 37. Bxg7+ Kxg7 38. Qg2 Nf4 39. Qe4 Ng6 40. Rd5 b6 41. Qf5 Rh8 42. Rd7 Qxe5 43. Rxf7+ Kh6 44. Rxh7+ 1-0

[Event "Paracin-ch"]
[Site "Paracin"]
[Date "2016.01.22"]
[Round "5"]
[White "Trifunovic, Borisav"]
[Black "Ristic, Dejan D"]
[Result "1-0"]
[WhiteElo "2060"]
[BlackElo "1808"]
[PlyCount "113"]
[EventDate "2016.01.19"]
[EventType "swiss"]
[EventRounds "9"]
[EventCountry "SRB"]
[SourceTitle "CBM 170 Extra"]
[Source "ChessBase"]
[SourceDate "2016.02.25"]
[SourceVersion "1"]
[SourceVersionDate "2016.02.25"]
[SourceQuality "1"]

1. d4 Nf6 2. c4 g6 3. Nc3 d5 4. e3 Bg7 5. Nf3 0-0 6. b3 c5 7. Bb2 cxd4 8. exd4 Qa5 9. Qd2 dxc4 10. Bxc4 Rd8 11. 0-0 a6 12. Qe3 b5 13. Be2 e6 14. Ne5 Bb7 15. Bf3 Nd5 16. Nxd5 Bxd5 17. Rfc1 b4 18. Rc5 Qb6 19. Bxd5 exd5 20. Rac1 Re8 21. Rc8 Qe6 22. Rxe8+ Qxe8 23. Nxg6 Nc6 24. Rxc6 hxg6 25. Qxe8+ Rxe8 26. Kf1 Re4 27. f3 Re6 28. Rc5 Rd6 29. Ke2 f5 30. Kd3 Kf7 31. Rc7+ Kg8 32. Rb7 a5 33. Ra7 Rc6 34. Rxa5 Bh6 35. Rxd5 Ra6 36. Rb5 Rxa2 37. Kc2 Bd2 38. Kb1 Ra7 39. d5 Kf7 40. Rb6 Bg5 41. Rxb4 Rd7 42. Rb5 Bf4 43. g3 Bd6 44. f4 Be7 45. h4 Rc7 46. Be5 Ra7 47. d6 Bd8 48. Rb8 Rd7 49. b4 Ke6 50. Kc2 Kd5 51. Kd3 Ke6 52. Kc4 g5 53. hxg5 Bxg5 54. Re8+ Kf7 55. Rc8 Bd8 56. Kd5 Bf6 57. Rc7 1-0

[Event "Paracin-ch"]
[Site "Paracin"]
[Date "2016.01.21"]
[Round "4"]
[White "Milutinovic, Bojan"]
[Black "Trifunovic, Borisav"]
[Result "1/2-1/2"]
[WhiteElo "1748"]
[BlackElo "2060"]
[PlyCount "29"]
[EventDate "2016.01.19"]
[EventType "swiss"]
[EventRounds "9"]
[EventCountry "SRB"]
[SourceTitle "CBM 170 Extra"]
[Source "ChessBase"]
[SourceDate "2016.02.25"]
[SourceVersion "1"]
[SourceVersionDate "2016.02.25"]
[SourceQuality "1"]

1. e4 e5 2. Nf3 Nc6 3. Bc4 Bc5 4. c3 Qe7 5. d4 exd4 6. 0-0 d6 7. cxd4 Bb6 8. Bb5 Bd7 9. Nc3 0-0-0 10. a4 a6 11. Bxc6 Bxc6 12. d5 Bd7 13. b4 Nf6 14. Qd3 Rde8 15. Re1 1/2-1/2

[Event "Paracin-ch"]
[Site "Paracin"]
[Date "2016.01.20"]
[Round "2"]
[White "Zlatanovic, Boroljub"]
[Black "Trifunovic, Borisav"]
[Result "1-0"]
[WhiteElo "2371"]
[BlackElo "2060"]
[PlyCount "49"]
[EventDate "2016.01.19"]
[EventType "swiss"]
[EventRounds "9"]
[EventCountry "SRB"]
[SourceTitle "CBM 170 Extra"]
[Source "ChessBase"]
[SourceDate "2016.02.25"]
[SourceVersion "1"]
[SourceVersionDate "2016.02.25"]
[SourceQuality "1"]

1. Nc3 Nf6 2. e4 e5 3. g3 Nc6 4. Bg2 Bc5 5. d3 h6 6. h3 d6 7. Nge2 g5 8. Be3 Be6 9. d4 exd4 10. Nxd4 Qd7 11. Nd5 Bxd5 12. exd5 Ne5 13. Qe2 0-0-0 14. 0-0 Rde8 15. b4 Bb6 16. Rad1 Rhg8 17. c4 g4 18. h4 Qa4 19. c5 dxc5 20. Nf5 cxb4 21. d6 Kb8 22. Bxb6 cxb6 23. Ne7 Ned7 24. Qc4 Rgf8 25. Qc7+ 1-0

[Event "Paracin-ch"]
[Site "Paracin"]
[Date "2015.01.18"]
[Round "5"]
[White "Trifunovic, Borisav"]
[Black "Radosavljevic, Slobodan D"]
[Result "1/2-1/2"]
[WhiteElo "1936"]
[BlackElo "2158"]
[PlyCount "40"]
[EventDate "2015.01.15"]
[EventType "swiss"]
[EventRounds "7"]
[EventCountry "SRB"]
[SourceTitle "CBM 164 Extra"]
[Source "ChessBase"]
[SourceDate "2015.03.02"]
[SourceVersion "1"]
[SourceVersionDate "2015.03.02"]
[SourceQuality "1"]

1. d4 Nf6 2. c4 c5 3. d5 b5 4. cxb5 a6 5. bxa6 g6 6. Nc3 Bxa6 7. g3 d6 8. e4 Qa5 9. Bxa6 Nxa6 10. Qe2 Bg7 11. Bd2 0-0 12. Nf3 Rfb8 13. Rb1 Nb4 14. a3 Nc2+ 15. Kf1 Qa6 16. Qxa6 Rxa6 17. Kg2 Rab6 18. Rhc1 Rxb2 19. Rxb2 Rxb2 20. Na4 Ra2 1/2-1/2

[Event "Paracin-ch"]
[Site "Paracin"]
[Date "2015.01.17"]
[Round "4"]
[White "Costachi, Mihnea"]
[Black "Trifunovic, Borisav"]
[Result "1-0"]
[WhiteElo "2329"]
[BlackElo "1936"]
[PlyCount "107"]
[EventDate "2015.01.15"]
[EventType "swiss"]
[EventRounds "7"]
[EventCountry "SRB"]
[SourceTitle "CBM 164 Extra"]
[Source "ChessBase"]
[SourceDate "2015.03.02"]
[SourceVersion "1"]
[SourceVersionDate "2015.03.02"]
[SourceQuality "1"]

1. d4 Nf6 2. c4 e6 3. Nc3 d5 4. cxd5 exd5 5. Bg5 Be7 6. Qc2 Nc6 7. e3 0-0 8. a3 h6 9. Bh4 Re8 10. Bd3 Ng4 11. Bxe7 Rxe7 12. Nge2 Qd6 13. h3 Nf6 14. 0-0 a6 15. b4 Na7 16. Rab1 Be6 17. a4 Nc6 18. Qb2 a5 19. b5 Nb4 20. Rbd1 Nxd3 21. Rxd3 Bf5 22. Rdd1 g5 23. Ng3 Bg6 24. Rfe1 h5 25. Qd2 h4 26. Nf1 g4 27. hxg4 Nxg4 28. e4 dxe4 29. Qg5 Nf6 30. Ne3 Nh7 31. Qxh4 c6 32. d5 cxd5 33. Ncxd5 Ree8 34. Ng4 Re6 35. Ndf6+ Rxf6 36. Rxd6 Rxd6 37. Qe7 Rad8 38. Qxb7 Ng5 39. Qc7 Kg7 40. Qxa5 Ne6 41. Qc3+ Nd4 42. Ne3 Kg8 43. Qc5 f5 44. Nc2 Ne6 45. Qe5 Kf7 46. Ne3 Nd4 47. a5 R8d7 48. a6 Re6 49. Qc5 f4 50. Nc4 Rd8 51. Qc7+ Ke8 52. a7 Nxb5 53. Qxd8+ Kxd8 54. Rd1+ 1-0

[Event "SRB Central-ch op-B 7th"]
[Site "Paracin"]
[Date "2014.07.11"]
[Round "9"]
[White "Trifunovic, Borisav"]
[Black "Mitev, Valentin"]
[Result "1/2-1/2"]
[WhiteElo "1951"]
[BlackElo "1640"]
[PlyCount "41"]
[EventDate "2014.07.04"]
[EventType "swiss"]
[EventRounds "9"]
[EventCountry "SRB"]
[SourceTitle "CBM 161 Extra"]
[Source "ChessBase"]
[SourceDate "2014.08.29"]
[SourceVersion "1"]
[SourceVersionDate "2014.08.29"]
[SourceQuality "1"]

1. d4 Nf6 2. c4 g6 3. Nc3 d5 4. cxd5 Nxd5 5. e4 Nxc3 6. bxc3 Bg7 7. Be3 0-0 8. Nf3 c5 9. Qd2 Qa5 10. Rb1 Nc6 11. Rb5 Qa3 12. Rxc5 Rd8 13. Qc1 Qxc1+ 14. Bxc1 Bg4 15. Be2 Rac8 16. Be3 b6 17. Rd5 Rxd5 18. exd5 Na5 19. Bd2 Nc4 20. Bxc4 Rxc4 21. Ke2 1/2-1/2

[Event "SRB Central-ch op-B 7th"]
[Site "Paracin"]
[Date "2014.07.09"]
[Round "7"]
[White "Trifunovic, Borisav"]
[Black "Isak, Igor G"]
[Result "0-1"]
[WhiteElo "1951"]
[BlackElo "2062"]
[PlyCount "90"]
[EventDate "2014.07.04"]
[EventType "swiss"]
[EventRounds "9"]
[EventCountry "SRB"]
[SourceTitle "CBM 161 Extra"]
[Source "ChessBase"]
[SourceDate "2014.08.29"]
[SourceVersion "1"]
[SourceVersionDate "2014.08.29"]
[SourceQuality "1"]

1. d4 e6 2. c4 Bb4+ 3. Nc3 Nf6 4. Nf3 Bxc3+ 5. bxc3 0-0 6. Qc2 h6 7. e4 d6 8. e5 dxe5 9. Nxe5 c5 10. Be3 Qc7 11. Be2 Nbd7 12. f4 b6 13. Bf3 Bb7 14. 0-0 Rac8 15. Rac1 Qb8 16. Nxd7 Nxd7 17. f5 cxd4 18. cxd4 e5 19. f6 Nxf6 20. Bxb7 Qxb7 21. Rxf6 gxf6 22. Bxh6 Qd7 23. Rd1 Rfd8 24. Rd3 f5 25. Qf2 Rc6 26. Qh4 Rg6 27. d5 f6 28. Bd2 Qg7 29. Rg3 Rxg3 30. hxg3 Qg6 31. Kf2 Kg7 32. Qh1 Rc8 33. Qc1 Qg4 34. Qa3 Rc7 35. Qd6 Qxc4 36. Bb4 Qd4+ 37. Kf1 Rc1+ 38. Be1 Qc4+ 39. Kf2 Qc5+ 40. Qxc5 Rxc5 41. d6 a5 42. Kf3 Rd5 43. g4 fxg4+ 44. Kxg4 Rxd6 45. Kf5 Kf7 0-1

[Event "SRB Central-ch op-B 7th"]
[Site "Paracin"]
[Date "2014.07.08"]
[Round "6"]
[White "Djordjevic, Lazar"]
[Black "Trifunovic, Borisav"]
[Result "0-1"]
[WhiteElo "1737"]
[BlackElo "1951"]
[PlyCount "148"]
[EventDate "2014.07.04"]
[EventType "swiss"]
[EventRounds "9"]
[EventCountry "SRB"]
[SourceTitle "CBM 161 Extra"]
[Source "ChessBase"]
[SourceDate "2014.08.29"]
[SourceVersion "1"]
[SourceVersionDate "2014.08.29"]
[SourceQuality "1"]

1. c4 Nf6 2. Nf3 e6 3. g3 d5 4. cxd5 exd5 5. d4 Nc6 6. Bg2 Bb4+ 7. Nc3 0-0 8. 0-0 h6 9. Qc2 Re8 10. Re1 Bg4 11. Be3 Qd7 12. a3 Bf5 13. Qa4 Bf8 14. Qb3 Na5 15. Qb5 Nc4 16. Qxd7 Bxd7 17. Bf4 c6 18. Ne5 Nxe5 19. Bxe5 Ng4 20. Bf4 g5 21. Bd2 f5 22. f3 Ne3 23. Bxe3 Rxe3 24. Kf2 f4 25. Rg1 Kf7 26. Nd1 Re7 27. e4 fxe3+ 28. Nxe3 Rae8 29. Rge1 Bg7 30. Rad1 Bf6 31. g4 Kg6 32. Nc2 Rxe1 33. Rxe1 Rxe1 34. Kxe1 c5 35. Kd2 Ba4 36. Bf1 Bxc2 37. Kxc2 Bxd4 38. Bd3+ Kf6 39. b3 Ke5 40. a4 Kf4 41. Be2 Ke3 42. Kd1 Bc3 43. h3 b6 44. Bb5 Kxf3 45. Bc6 Ke4 46. Kc2 Kd4 47. Bb7 Bb4 48. Kd1 Ke5 49. Kc2 Kd4 50. Kd1 c4 51. bxc4 dxc4 52. Kc2 Ba5 53. Ba6 Kc5 54. Bb5 Kb4 55. Kb2 c3+ 56. Kc2 Ka3 57. Bc6 a6 58. Bd7 Kb4 59. Be8 Kc4 60. Bf7+ Kd4 61. Bg6 b5 62. axb5 axb5 63. Bd3 b4 64. Bf1 Ke3 65. Bc4 Kf2 66. Bd3 Bc7 67. Bc4 Kg2 68. Kb3 Kxh3 69. Be6 Kh4 70. Bf5 Bd6 71. Kc2 h5 72. gxh5 Kxh5 73. Kd3 g4 74. Be6 Kg5 0-1